000 00475nam a22001817a 4500
005 20250206154159.0
008 250206b |||||||| |||| 00| 0 eng d
020 _a9780070621114
050 _aHG4551
_bRAG
100 _aRaghunathan, V.
245 _aStock exchanges, investments and derivatives
250 _a3rd
260 _aNew Delhi
_bMcGraw-Hill
_cc2007
300 _avii, 440p;
_bill.;
500 _aIncludes index
700 _aRajib, Prabina
942 _2lcc
_cBK
_n0
999 _c3490
_d3490